Statistics for Portuguese Laundry Room Vocabulary

Click here to take the quiz!

General Stats

  • This quiz has been taken 32 times
    (31 since last reset)
  • The average score is 12 of 22

Answer Stats

HintAnswer% Correct
waterágua
95%
coldfrio
89%
hotquente
89%
soapsabão
84%
to drysecar
84%
to washlavar
79%
cleanlimpo(a)
79%
dirtysujo(a)
79%
to separateseparar
74%
detergentdetergente
53%
basketcesta
47%
dryersecadora
47%
to folddobrar
42%
to spingirar
37%
washerlavadora
37%
hampercesto de roupa
32%
to hang uppendurar
32%
laudryroupa
26%
hangercabide
21%
clotheslinevaral
16%
lintfibra de algodão
5%
clothes pinprendedor de roupa
5%

Score Distribution

Percentile by Number Answered

Percent of People with Each Score

Your Score History

You have not taken this quiz since the last reset